000 00356nam a2200133Ia 4500
008 100328s9999 xx 000 0 und d
082 _b27404
100 _aवाळिंबे शरदचंद्र
245 _aकपटजाल
260 _bउदयदीप
630 _aकपटजाल
730 _aकपटजाल
942 _cBOOK
999 _c519327
_d519324